00433nmm a2200133Ia 4500008004100000020001800041041000800059100002000067245005700087264005700144300001800201650002900219856005100248251105s9999||||xx |||||||||||||||||und|| a9788425227394 aspa aMonteys, Xavier 0aLa habitación :b Más allá de la sala de estar a[Madrid, España] :bEditorial Gustavo Gili, c2014 a124 páginas aArchitecture & Sculpture uhttps://public.digitaliapublishing.com/a/41257